00582nam a2200193Ia 4500003000400000005001700004008004100021040000700062041000800069082001600077100002900093245002300122260003900145300000900184650003100193942001300224999001900237952013200256OSt20260508111354.0250729s2007 xx 000 0 und d cAL aeng a001.51 KONC aDr.N.B.Kongawada9231451 aComputer education aGadagbVidyanidhi Prakashanac2007 a222p aComputer Education9231452 2ddccBED c239288d239288 00104070aALbALd2025-07-29eManagement Booksg140.00l0o001.51 KONCpBED04607r2025-07-29 16:57:25v140.00w2025-07-29yBK